Statistics for Freest Countries

Click here to take the quiz!

General Stats

  • This quiz has been taken 122 times
  • The average score is 16 of 20

Answer Stats

Human Freedom IndexAnswer% Correct
8.39United States
96%
8.39Sweden
94%
8.47Finland
93%
8.5United Kingdom
93%
8.47Norway
92%
8.58Australia
91%
8.57Canada
91%
8.55Denmark
90%
8.89New Zealand
90%
8.79Switzerland
86%
8.41Austria
85%
8.5Ireland
84%
8.55Netherlands
83%
8.46Germany
82%
8.43Luxembourg
72%
8.29Czech Republic
66%
8.44Estonia
66%
8.34Lithuania
57%
8.35Malta
49%
8.47Taiwan
46%

Score Distribution

Percentile by Number Answered

Percent of People with Each Score

Your Score History

You have not taken this quiz